000 01624nam0a22003371 4500
001 rc\2277362
005 20260407112304.0
035 _a(NLR Aleph) 006557207
090 _a6804683
_c6804683
100 _a20110829d1979 |||y0rusy50 ca
101 0 _arus
102 _aRU
105 _aa z |||||
200 1 _aПерспективные направления в технологии радиоаппаратостроения
_eМатериалы краткосроч. семинара 9-10 окт.
_fПод ред. В.И. Смирнова, В.Н. Деньдобренко
210 _aЛенинград
_cЛДНТП
_d1979
215 _a91 с.
_cил.
_d20
300 _aВ надзаг.: О-во "Знание" РСФСР, Ленингр. орг., Ленингр. дом науч.-техн. пропаганды
320 _aБиблиогр. в конце докл.
606 _aРадиоэлектронная аппаратура
_jСборники
_xПроизводство
_2psbo
686 _aз844-06я431(2)
_2rubbk
702 1 _4340
_7ca
_8rus
_aСмирнов
_bВ. И.
_cд-р техн. наук, электроника
_f1912-1982
_gВениамин Иванович
_9241040
_3RU\NLR\AUTH\770241096
702 1 _aДеньдобренко
_bВ.Н.
_4340
712 0 2 _aЛенинградский дом научно-технической пропаганды
_3RU\NLR\AUTH\889940416
_9375657
801 0 _aRU
_bNLR
_gpsbo
801 1 _aRU
_bELAR
_2rusmarc
852 _aNLR
_j80-4/9939
899 _aRuMoRGB
_jВ 79-52/1527
899 _aRuMoRGB
_jВ 79-52/1528
942 _cBOOK
980 _aNB